000 00954 a2200229 4500
001 53965
005 20260407155810.0
008 260407a1982 arg spa d
003 AR-UNSa-BCEJYS
040 _aAR-UNSa-BCEJYS
_bspa
_cAR-UNSa-BCEJYS
080 _a330.101
_xCiencia económica en general. La economía y sus problemas. Objeto y métodos de la economía política
245 1 0 _aEconomía política
264 1 _aBuenos Aires :
_bCrespillo
_c1982
300 _a287 p.
_c23 cm.
505 _aI. La economía - II. La utilidad - III. El valor - IV. La producción - V. El trabajo - VI. El capital - VII. Los mercados - VIII. Los costos y los precios - IX. El dinero - X. Créditos y bancos - XI. El comercio exterior - XII. Política económica
041 _aspa
942 _cBK
590 _aniveau_biblio:m niveau_hierar:0
100 1 _aDagnino Pastore, José María
700 1 _aDe Pablo, Juan Carlos
700 1 _aSturzenegger, Adolfo
999 _c5309
_d5309